000 00416nam a2200205Ia 4500
008 210210b1871 xxu||||| |||| 00| 0 eng d
041 _aeng
082 _a828/289
100 _aHELPS (A)
245 _aLife of Cortes Vol 2
260 _aLondon
_b-
_c1871
440 _a2
650 _aVol
650 _aof
650 _aLife
650 _aCortes
650 _a2
690 _aBiography
906 _a016134
999 _c135545
_d135545